LEADER 03039nam 2200733Ia 450 001 9910451470803321 005 20210524213131.0 010 $a1-282-19569-7 010 $a9786612195693 010 $a3-11-020203-4 024 7 $a10.1515/9783110202038 035 $a(CKB)1000000000520540 035 $a(EBL)326460 035 $a(OCoLC)213306128 035 $a(SSID)ssj0000261833 035 $a(PQKBManifestationID)11205084 035 $a(PQKBTitleCode)TC0000261833 035 $a(PQKBWorkID)10257273 035 $a(PQKB)11571326 035 $a(MiAaPQ)EBC326460 035 $a(DE-B1597)32960 035 $a(OCoLC)741344608 035 $a(OCoLC)853268601 035 $a(DE-B1597)9783110202038 035 $a(Au-PeEL)EBL326460 035 $a(CaPaEBR)ebr10194872 035 $a(CaONFJC)MIL219569 035 $a(EXLCZ)991000000000520540 100 $a20030807d2003 uy 0 101 0 $aeng 135 $aurun#---|u||u 181 $ctxt 182 $cc 183 $acr 200 10$aTrauma and guilt$b[electronic resource] $eliterature of wartime bombing in Germany /$fSusanne Vees-Gulani 210 $aBerlin ;$aNew York $cW. de Gruyter$d2003 215 $a1 online resource (228 p.) 300 $aDescription based upon print version of record. 311 0 $a3-11-017808-7 320 $aIncludes bibliographical references and index. 327 $tFront matter --$tContents --$tIntroduction --$tTrauma and Its Consequences --$tConfronting the Past? The Role of Guilt and Shame in Postwar Germany --$tThe View from Within: The Air War in German Writing --$tA Welcome Catastrophe: Jewish-German Voices --$tInternational Reactions to the Bombings --$tConclusion --$tBack matter 330 $aThis book analyzes postwar literary works on large area bombings of German cities both in the context of trauma theory and questions of guilt and shame about Germany's Nazi past, embedding the recent debate surrounding the air war of World War II and its influence on German culture in a broader historical, societal, and psychological context. 606 $aGerman literature$y20th century$xHistory and criticism 606 $aWorld War, 1939-1945$zGermany$xLiterature and the war 606 $aWorld War, 1939-1945$xAerial operations 606 $aWorld War, 1939-1945$xPsychological aspects 606 $aWorld War, 1939-1945$zGermany 606 $aPsychic trauma in literature 608 $aElectronic books. 615 0$aGerman literature$xHistory and criticism. 615 0$aWorld War, 1939-1945$xLiterature and the war. 615 0$aWorld War, 1939-1945$xAerial operations. 615 0$aWorld War, 1939-1945$xPsychological aspects. 615 0$aWorld War, 1939-1945 615 0$aPsychic trauma in literature. 676 $a830.9/358 700 $aVees-Gulani$b Susanne$f1970-$01035978 801 0$bMiAaPQ 801 1$bMiAaPQ 801 2$bMiAaPQ 906 $aBOOK 912 $a9910451470803321 996 $aTrauma and guilt$92456002 997 $aUNINA LEADER 01467nam a2200337 i 4500 001 991001019249707536 008 110117s2010 xxk b 001 0 eng d 020 $a9780415548373 020 $a0415548373 035 $ab13947667-39ule_inst 040 $aDip.to Studi Giuridici$bita 082 00$a339.53015195$222 245 00$aMonetary macrodynamics /$cToichiro Asada, Carl Chiarella, Peter Flaschel and Reiner Franke ; with contributions by Amitava Dutt/Peter Skott and Christian Proaņo 260 $aLondon ;$aNew York :$bRoutledge,$c2010 300 $axvi, 430 p. ;$c24 cm 440 0$aRoutledge frontiers of political economy ;$v127 504 $aCon bibliografia e indice 650 04$aMoneta$xTeorie 650 04$aMoneta$xTeoria keynesiana 650 04$aMoneta$xModelli matematici 650 04$aMoneta$xDinamica economica 700 1 $aAsada, Toichiro,$d1954-$eauthor$4http://id.loc.gov/vocabulary/relators/aut$0731562 700 1 $aChiarella, Carl$eauthor$4http://id.loc.gov/vocabulary/relators/aut$0102729 700 1 $aFlaschel, Peter$eauthor$4http://id.loc.gov/vocabulary/relators/aut$0265737 700 1 $aFranke, Reiner 907 $a.b13947667$b02-04-14$c17-01-11 912 $a991001019249707536 945 $aLE027 339.53 ASA01.01$g1$i2027000245123$lle027$o-$pE140.00$q-$rl$s- $t0$u1$v2$w1$x0$y.i15244234$z25-03-11 996 $aMonetary macrodynamics$91441273 997 $aUNISALENTO 998 $ale027$b17-01-11$cm$da $e-$feng$gxxk$h0$i0